000 00424nam a2200169Ia 4500
008 230718s9999 xx 000 0 und d
041 _aeng
082 _a621.37
_bBHI
100 _aBhide S.D.
245 _aElectrical Engineering
250 _a6th ed.
260 _c1994
_bShree Publication
300 _a220
365 _cRs.
_b105.00
700 _aBhide S.D. & Navale M.N.
906 _dB:56829-Nov-1994
_cELECT
_b15.75
999 _c292890
_d292890